000 00799nam0a22002531 4500
001 RU\INFOCOMM_327\NLR\5000057381
005 20250613112138.0
035 _a(NLR Aleph) 009604928
090 _a9334689
_c9334689
100 _a20130312d1978 |||y0rusy50 ca
101 1 _aeng
_crus
102 _aRU
105 _ay z |||||
200 1 _aLet's not do this - let's do this
_fSergei Obraztsov talks to children
_g[Transl. by Eleanora Yankowskaya
_gDraw. by the auth.]
210 _aM.
_cMalysh
_dˆCop.‰1978
215 _a32 с.
_cцв. ил.
_d27 см
620 _aМосква
686 _aДл215
_2rubbk
700 1 _aObrazcov
_bS. V.
_f1901-
_gSergej Vladimirovič
801 1 _aRU
_bInfocomm
_c20130312
801 0 _aRU
_bINFOCOMM
_gPSBO
852 _aNLR
_jДл01 Д-8/1009
942 _cBOOK
980 _aNB